| 000 | 00533nam a2200181Ia 4500 | ||
|---|---|---|---|
| 005 | 20250508151704.0 | ||
| 008 | 008 250505s9999 xx 000 0 eng d | ||
| 037 | _aTextual | ||
| 040 |
_aFEDL _beng _cFEDL |
||
| 041 |
_aeng _2eng |
||
| 084 |
_a364.36, BET _qFEDL |
||
| 100 | _aBettelheim Bruno | ||
| 245 | 0 | _aTruants from life : The rehabilitation of emotionally disturbed children | |
| 260 |
_aGlencoe _bThe Free Press _c1955 |
||
| 300 | _axvi,511p. | ||
| 942 |
_cTEXL _h364.36, BET |
||
| 999 |
_c1331451 _d1331451 |
||